00409nam a2200157 450000500170000002000180001704100120003508200170004708400250006410000160008924500450010525000060015026000430015630000100019965000420020920251027111342.0 a9789360617554 aEnglish a332.6bBEH/F 2Colon Classification aBehn, Aphra aFinancial Markets and Financial Services a1 aNew Delhi:bPinakin Publishing,c2025. a280p. aFinancial Markets/ Financial Services